Miami Heat Head Coaches by Picture - Statistics

General Stats
  • This quiz has been taken 24 times
  • The average score is 4 of 6
Answer Stats
Picture Hint Answer % Correct
2008-Present Erik Spoelstra
100%
1995-2003 | 2005-2008 Pat Riley
100%
2003-2005 Stan Van Gundy
81%
1988-1991 Ron Rothstein
38%
1991-1995 Kevin Loughery
24%
1995 Alvin Gentry
14%
No matching quizzes found
Score Distribution
Percent of People with Each Score
Percentile by Number Answered
Your Score History
You have not taken this quiz